Epidemiología clínica

Gorde:
Xehetasun bibliografikoak
Egile nagusia: Fletcher, Robert H.
Erakunde egilea: Ovid Technologies, Inc
Beste egile batzuk: Fletcher, Suzanne W., Fletcher, Grant S.
Formatua: Baliabide elektronikoa eBook
Hizkuntza:gaztelania
Argitaratua: Philadlephia : Wolters Kluwer, 2016.
Edizioa:5. ed.
Gaiak:
Sarrera elektronikoa:Authentication may be required:
Etiketak: Etiketa erantsi
Etiketarik gabe, Izan zaitez lehena erregistro honi etiketa jartzen!

MARC

LEADER 00000nam a2200000 a 4500
001 E000000270
003 UtOrBLW
005 20200318084510.0
006 m d
007 cr
008 200318s2016 paua s 000 0 spa d
020 |a 9788496921009 
035 |a (UtOrBLW)bslw09850346 
040 |a UtOrBLW 
050 4 |a RA652.2.C55  |b F54 2016 
060 4 |a WA 950  |b F614e 2016 
100 1 |a Fletcher, Robert H. 
245 1 0 |a Epidemiología clínica  |h [electronic resource] /  |c Robert H. Fletcher, M.D., M.Sc., professor emeritus, Department of Population Medicine, Harvard Medical School, Boston, Massachusetts, adjunct professor, Department of Epidemiology and Social Medicine, The University of North Carolina at Chapel Hill, Chapel Hill, North Carolina, Suzanne W. Fletcher, M.D., M.Sc., professor emeritus, Department of Population Medicine, Harvard Medical School, Boston, Massachusetts, adjunct professor, Department of Epidemiology and Social Medicine, The University of North Carolina at Chapel Hill, Chapel Hill, North Carolina, Grant S. Fletcher, M.D., M.P.H., assitant professor of medicine, The University of Washington School of Medicine, Seattle, Washington. 
250 |a 5. ed. 
260 |a Philadlephia :  |b Wolters Kluwer,  |c 2016. 
300 |a 272 p. :  |b col. ill. ;  |c cm 
533 |a Electronic reproduction.  |b New York, N.Y. :  |c Ovid Technologies, Inc.  |n Available via World Wide Web. 
650 0 |a Clinical epidemiology. 
650 1 2 |a Epidemiologic Methods 
700 1 |a Fletcher, Suzanne W. 
700 1 |a Fletcher, Grant S. 
710 2 |a Ovid Technologies, Inc. 
856 4 0 |a E-Books (Ovid)  |z Authentication may be required:  |u http://ovides.unach.elogim.com/Pages/book.aspx?isbn=9788496921009&XPATH=/PG(0)